[Event "ICS rated blitz match"]
[Site "207.99.83.227"]
[Date "1999.04.02"]
[Round "?"]
[White "osito"]
[Black "Hossa"]
[Result "0-1"]
[WhiteElo "2109"]
[BlackElo "2381"]
[Annotator "Fritz 5.32 (15s)"]
[PlyCount "36"]

1. e4 e5 2. Nc3 Nf6 3. Bc4 Nc6 4. d3 Bb4 5. f4 (5. Bg5 h6 6. Bxf6 Bxc3+ 7. bxc3
Qxf6 8. Ne2 d6 9. O-O g5 10. Rb1 Ne7 11. f3 h5 12. Qd2 h4 13. Qe3 b6 14. d4 Ng6
15. dxe5 dxe5 16. Rbd1 O-O 17. Rd2 Bb7 18. Rfd1 Rad8 19. g3 19... Rxd2 {
Lastin,A-Nenashev,A/Goodricke Int., Calcutta IND 1998/0-1 (57)}) (5. Nge2 d5 6.
exd5 Nxd5 7. O-O Be6 8. Ne4 Be7 9. N2g3 O-O 10. Qh5 Qd7 11. Ng5 Bxg5 12. Bxg5
f6 13. Bd2 Nb6 14. Bxe6+ Qxe6 15. f4 exf4 16. Rxf4 Qe5 17. Nf5 g6 18. Nh6+ Kg7
19. Qh3 Rae8 20. Raf1 Qe6 21. Ng4 Qd6 22. Qh6+ Kh8 23. Nxf6 {
1-0 Mirumian,V-Barglowski,F/Trinec CZE 1998 (23)}) 5... Bxc3+ $11 (5... d5 6.
exd5 Nxd5 7. Bxd5 Qxd5 8. Qd2 Bxc3 9. bxc3 $15) (5... exf4 6. Nf3 (6. Nge2 O-O
7. Bxf4 d6 8. O-O 8... Bxc3 {1-0 crafty-Pfiffigunde/ICS 1995 (8)}) 6... O-O 7.
O-O Bxc3 8. bxc3 d5 9. exd5 Ne7 10. Ba3 Re8 11. Bb5 c6 12. dxc6 Nxc6 13. Re1
Qb6+ 14. Nd4 Rxe1+ 15. Qxe1 Nxd4 16. cxd4 Qxb5 17. Qe7 Bf5 18. Re1 18... Re8 {
0-1 Sterling,M-Schlechter,C/Paris 1900 (18)}) 6. bxc3 {Befestigt b4+d4} 6... d5
{Nun geraet Weiss unter starken Druck.} 7. exd5 Nxd5 8. fxe5 (8. Nf3 Nxf4 9.
Bxf4 exf4 10. Qe2+ Qe7 11. Qxe7+ 11... Nxe7 $15) 8... Nxc3 $11 (8... Nxe5 $5 {
kommt in Betracht} 9. Bxd5 9... Qxd5 $15) 9. Qd2 Nd5 10. Nf3 Bg4 11. O-O Bxf3
12. Rxf3 Nxe5 13. Rf5 $17 (13. Qe2 $5 $142 {muss erwogen werden} 13... f6 14.
Bb2 $14) 13... Nxc4 14. dxc4 Ne7 15. Qe3 $17 (15. Re5 f6 16. Re2 Qxd2 17. Bxd2
17... Kf7 $15) 15... O-O 16. Re5 $2 $19 (16. Rf2 $142 16... Ng6 17. Bb2 $17)
16... Qd1+ 17. Kf2 Nc6 18. Bb2 $2 (18. Rc5 $19) 18... Nxe5 $1 {die Entscheidung
} (18... Nxe5 19. Bxe5 Qxc2+ 20. Kg1 20... Rad8 $19 (20... Qxc4 $6 21. Bxg7
Rfe8 22. Qg3 $19)) (18... Qxc2+ $6 19. Qe2 Qxe2+ 20. Rxe2 $19 (20. Kxe2 $4
20... Nxe5 21. Bxe5 21... Rae8 $19)) 0-1

[Event "ICS rated blitz match"]
[Site "207.99.83.227"]
[Date "1999.04.02"]
[Round "?"]
[White "Hossa"]
[Black "Nothing"]
[Result "1-0"]
[WhiteElo "2395"]
[BlackElo "2071"]
[Annotator "Fritz 5.32 (15s)"]
[PlyCount "61"]

1. e4 e6 2. d4 d5 3. e5 c5 4. Nf3 Ne7 5. dxc5 (5. c3 Nec6 6. Be2 Nd7 7. O-O Be7
8. Re1 O-O 9. Bd3 Re8 10. Nbd2 Nf8 11. Nf1 cxd4 12. cxd4 Bd7 13. a3 a5 14. b3
Na7 15. Bb2 Qb6 16. Re3 Rec8 17. Ne1 Bb5 18. Bb1 Bxf1 19. Kxf1 Rc7 20. Rh3 g6
21. Nc2 a4 22. b4 Nb5 23. Ne3 f5 24. g4 fxg4 25. Nxg4 Rac8 26. Nh6+ Kg7 27. Qd2
g5 28. Ng4 Rc4 29. Qd3 Kf7 30. Rxh7+ Ke8 31. Rh8 Nxd4 32. Qg6+ Kd7 33. Qf7 R4c7
34. Nf6+ Kc6 35. Bd3 Bxb4 36. Qh5 Bd2 37. Rb1 Nb3 38. Ne8 Nd7 39. Nxc7 39...
Rxh8 {Alexanian,V-Crouch,C/Erevan op 1996/0-1 (54)}) 5... Nec6 6. Be3 $146 (6.
Bf4 Nd7 7. a3 Qc7 8. b4 a5 9. c4 axb4 10. cxd5 exd5 11. Qxd5 Nxc5 12. Nd4 Nxd4
13. Qxd4 Ne6 14. Qd2 Bc5 15. Bb5+ Bd7 16. Bxd7+ Qxd7 17. Be3 Bxe3 18. Qxe3 Nd4
19. Qd3 b3 20. O-O Nc2 21. Qxb3 Nxa1 22. Qb2 O-O 23. Qxa1 Rfc8 24. Nc3 Qd3 25.
Nb1 Rc2 26. a4 Qb3 27. Rd1 h6 28. Nd2 Qxa4 29. Qb1 Rb2 30. Qc1 Qc2 31. Ne4 Qxc1
32. Rxc1 b5 33. g4 b4 34. h4 b3 35. Kg2 35... Rc2 {
0-1 (EST),K-Stahlberg,G/Dresden (7.06.36) 1936 (35)}) 6... Nd7 7. Bb5 Qa5+ 8.
Nc3 Nxc5 9. O-O Bd7 10. a3 {Ueberdeckt b4} 10... Ne4 11. Bxc6 Bxc6 12. Bd2 (12.
Nxe4 dxe4 13. Qd2 13... Qc7 $11) 12... Qc7 13. Qe2 Nxd2 14. Qxd2 Bc5 15. Qd3
O-O 16. Ng5 {Mit der Mattdrohung Qxh7} 16... g6 17. Qg3 $15 (17. Qh3 h5 18. Qg3
18... Bd4 $11) 17... Rae8 $11 (17... h6 18. Nh3 $15) 18. Qh4 {Droht Matt: Qxh7}
18... h5 19. Nf3 Qe7 20. Qf4 20... f6 {Verwehrt dem Gegner g5} 21. Qg3 $15 (21.
Ne2 fxe5 22. Qg3 22... Bb5 $15) 21... Qg7 $11 (21... d4 $5 22. Qxg6+ Qg7 23.
Qxg7+ Kxg7 24. exf6+ 24... Rxf6 $15) 22. Rae1 f5 23. Ng5 $17 (23. Rd1 $5 $11)
23... Be7 $4 $18 {wirft den Vorteil weg} (23... Bd4 $17 $142) 24. Nxe6 {
Weiss ergreift die Initiative} 24... Qh6 25. Nxf8 Bxf8 26. Qd3 Rd8 27. f4 Bc5+
28. Kh1 h4 (28... a6 29. Ne2 $18) 29. b4 Bb6 (29... Bf8 {
aendert den traurigen Lauf der Dinge nicht} 30. b5 Be8 31. Nxd5 $18) 30. b5 Be8
31. Nxd5 (31. Nxd5 Qf8 32. Rd1 $18) 1-0

[Event "ICS rated blitz match"]
[Site "207.99.83.227"]
[Date "1999.04.02"]
[Round "?"]
[White "Z-Eddie"]
[Black "Hossa"]
[Result "0-1"]
[WhiteElo "2301"]
[BlackElo "2399"]
[Annotator "Fritz 5.32 (15s)"]
[PlyCount "52"]

1. d4 Nf6 2. c4 g6 3. Nc3 Bg7 4. e4 d6 5. f4 O-O 6. Nf3 c5 7. d5 e6 8. Be2 exd5
9. cxd5 Re8 10. e5 dxe5 11. fxe5 11... Nfd7 $146 (11... Ng4 12. Bg5 Qa5 13. Qd2
$15) 12. e6 fxe6 13. dxe6 {
Der Freibauer e6 greift sofort ein. Weiss spielt seinen Trumpf aus. .} 13...
Bxc3+ 14. bxc3 Nb6 15. Qxd8 {Droht Matt: Qxe8} 15... Rxd8 16. Ng5 Re8 17. O-O
$15 (17. Bg4 $5 $14 $142 {ist die kritische Fortsetzung}) 17... Bxe6 18. Nxe6
Rxe6 19. Bg4 {Es droht Matt} 19... Re5 (19... Re8 20. Bh6 Nc6 21. Rf6 $15) 20.
Bf4 {Droht Matt} 20... Re4 21. Rae1 Rxe1 22. Rxe1 Nc6 23. Be6+ (23. Bh6 23...
Kh8 $11) 23... Kg7 24. Bd6 Re8 25. Bxc5 $2 $19 (25. Kf2 $17 $142) 25... Kf6 26.
Rf1+ (26. Bxb6 axb6 (26... Rxe6 $6 {ist schnell zu verwerfen} 27. Be3 $11) 27.
Rb1 Kxe6 28. Rxb6 28... Re7 $19) 26... Kxe6 (26... Kxe6 27. Bxb6 27... axb6 $19
) 0-1

[Event "ICS rated blitz match"]
[Site "207.99.83.227"]
[Date "1999.04.02"]
[Round "?"]
[White "nyul"]
[Black "Hossa"]
[Result "0-1"]
[WhiteElo "2056"]
[BlackElo "2411"]
[Annotator "Fritz 5.32 (15s)"]
[PlyCount "52"]

1. e4 c5 2. Nf3 Nc6 3. d4 cxd4 4. Nxd4 Qb6 5. Nxc6 Qxc6 (5... bxc6 6. Nc3 (6.
Bd3 g6 7. Nc3 Bg7 8. Bd2 d6 9. Qe2 Nf6 10. h3 Qxb2 11. Rb1 Qa3 12. e5 dxe5 13.
Qxe5 O-O 14. Ne4 Qxa2 15. O-O Nxe4 16. Qxe4 Bf5 17. Qf3 Bxd3 18. Qxd3 Rfd8 19.
Qg3 Rxd2 20. Rb7 20... Qe6 {
Palma,L-Queirolo,M/Esucomex, Santiago CHI 1998/0-1 (34)}) 6... d6 7. Bd3 Nf6 8.
O-O e6 9. Ne2 Be7 10. Ng3 O-O 11. b3 a5 12. Bb2 a4 13. e5 dxe5 14. Bxe5 Ba6 15.
c4 Rfd8 16. Qc2 axb3 17. axb3 h6 18. h3 Bb7 19. Rxa8 Bxa8 20. Ra1 {
Perenyi,B-Gruenberg,H/Leipzig 1988/0-1 (56)}) 6. Nc3 Nf6 7. Bd3 7... e5 $146 (
7... e6 8. a3 a6 9. Bg5 Be7 10. O-O h6 11. Bh4 b5 12. Qe2 Bb7 13. f3 b4 14.
axb4 Bxb4 15. Kh1 Bxc3 16. bxc3 g5 17. Be1 e5 18. Bd2 O-O 19. Ra5 Rfe8 20. Rfa1
Re6 21. Bc4 Rd6 22. Bb3 {Beneded,D-Schreiber,E/Ibercaja op 1994/ - (48)}) 8.
O-O Bb4 9. Bd2 Bxc3 10. Bxc3 10... d6 {Deckt e5} ({Schwaecher ist} 10... Nxe4
11. Bxe4 $1 {das wars} 11... Qxe4 12. Re1 $18) 11. f4 O-O (11... Nxe4 $2 {
scheitert an} 12. Bxe4 Qxe4 13. Qxd6 $16) 12. fxe5 $11 (12. Qf3 12... Be6 $14)
12... dxe5 13. Qf3 Be6 14. Kh1 Qc5 15. h3 {Sichert g4} 15... Rac8 16. Rf2 Rfd8
17. Raf1 (17. Rd2 17... Bc4 $11) 17... Bxa2 18. Qg3 Nd7 19. Rf5 {Alles auf e5!}
19... f6 20. Bd2 $17 (20. Rxf6 $1 20... Nxf6 21. Rxf6 $15) 20... Bc4 21. Bh6 (
21. Be3 21... Qb4 $17) 21... Qe7 22. Be3 a6 23. Rh5 $19 (23. Bxc4+ Rxc4 24. c3
24... Qd6 $19) 23... Bxd3 24. cxd3 Rc6 (24... Qb4 25. Qg4 $19) 25. Qh4 (25.
Rhf5 $5 25... Nf8 26. Bd2 26... Ng6 $19) 25... Nf8 26. Qf2 (26. Rd1 26... Qb4
$19) 26... Rxd3 (26... Rxd3 27. Qe2 27... Rd7 $19) 0-1

[Event "ICS rated blitz match"]
[Site "207.99.83.227"]
[Date "1999.04.02"]
[Round "?"]
[White "Hossa"]
[Black "nyul"]
[Result "1-0"]
[WhiteElo "2415"]
[BlackElo "2052"]
[Annotator "Fritz 5.32 (15s)"]
[PlyCount "61"]

1. e4 e5 2. Nf3 Nc6 3. Bb5 a6 4. Bxc6 dxc6 5. O-O Bg4 6. d3 Bc5 7. Nbd2 $146 (
7. Be3 Bxe3 8. fxe3 f6 9. Nbd2 Ne7 10. h3 Bxf3 11. Nxf3 Ng6 12. Qe2 Qe7 13. Rf2
O-O-O 14. Raf1 Kb8 15. g3 Qe6 16. h4 h5 17. a4 Ne7 18. Nd2 Rh6 19. Nb3 Rg8 20.
Kh2 g5 21. Nc5 Qd6 22. Rxf6 Rxf6 23. Rxf6 Qxc5 24. hxg5 Rxg5 25. Rh6 Ng8 26.
Rxh5 Qe7 27. Qf3 Ka7 28. Rxg5 Qxg5 29. Qf5 Qxe3 30. Qxe5 Qd2+ 31. Kh3 Qxc2 32.
Qd4+ c5 33. Qg7 Qxd3 34. e5 Qd8 35. e6 Ne7 36. g4 Qd3+ 37. Kh4 Qd6 38. Qf7 Nc6
39. Qd7 Qh2+ 40. Kg5 Qxb2 41. Qxc7 Qe2 42. Qd6 Qe3+ 43. Kf6 c4 44. g5 c3 45.
Qh2 45... Nd4 {0-1 Figueora,C-Pozarek,S/World Open (8) 1995 (45)}) (7. Nc3 Ne7
8. Be3 Bd4 9. h3 Bh5 10. Qe2 Qd7 11. Nd1 Ng6 12. Bxd4 exd4 13. e5 O-O 14. Qe4
Bxf3 15. Qxf3 Nxe5 16. Qg3 Rae8 17. f4 Ng6 18. f5 Ne5 19. f6 Ng6 20. fxg7 Kxg7
21. Nf2 Kh8 22. Rae1 Rg8 23. Qf3 Re6 24. Ng4 Rg7 25. Rxe6 Qxe6 26. Qf2 c5 27.
b3 Ne5 28. Nxe5 Qxe5 29. Re1 Qg5 30. Re8+ Rg8 31. Rxg8+ Kxg8 32. Kh2 Qe5+ 33.
Qg3+ Qxg3+ 34. Kxg3 Kg7 35. h4 Kf6 36. Kf4 b5 37. g4 h6 38. h5 c6 39. Ke4 Kg5
40. Kf3 f5 41. gxf5 Kxf5 42. Kg3 Kg5 43. a4 a5 44. Kh3 Kxh5 45. Kg3 Kg5 46. Kh3
46... Kf4 {0-1 Martins,M-Cvitanic,J/WchJM-U12 Duisburg 1992 (46)}) (7. h3 Bxf3
8. Qxf3 Qf6 9. Nd2 Ne7 10. Qxf6 gxf6 11. Nb3 Bb6 12. Kh1 Rg8 13. Nd2 O-O-O 14.
Nc4 Bd4 15. Rb1 b5 16. Ne3 Rg6 17. Nf5 Nxf5 18. exf5 Rgg8 19. Be3 h5 20. Rfe1
Rd7 21. Bxd4 21... Rxd4 {Meier,J-Mueller,M/Giessen op 1995/ - (51)}) 7... Nf6
8. h3 Bxf3 9. Nxf3 $11 (9. Qxf3 9... O-O $14) 9... Qe7 10. Bg5 h6 11. Bd2 O-O-O
12. Qc1 (12. b4 12... Bd6 $11) 12... Nh5 $14 (12... g5 13. b4 Bd4 14. Nxd4 exd4
15. f3 $11) 13. b4 Bd4 14. Rb1 g5 15. Nxd4 $14 (15. a4 g4 16. hxg4 16... Nf6
$16) 15... Rxd4 16. Qb2 Nf4 (16... Rg8 17. a4 $16) 17. a4 {
Weiss bereitet b5 vor} 17... Rd6 18. b5 cxb5 19. axb5 Rb6 20. Qa2 Qe6 (20...
Ne2+ $5 21. Kh2 g4 (21... Rxb5 $4 {der kann natuerlich nicht genommen werden}
22. Rxb5 Qf6 23. Rb2 $18) 22. bxa6 22... Rxa6 $14) 21. Qa5 $14 (21. Qxe6+ Rxe6
22. f3 $11) 21... Nxh3+ 22. gxh3 {Die Partie wird im Koenigsangriff beendet}
22... Qxh3 23. Rfc1 (23. Rfe1 Qg4+ 24. Kf1 Qh3+ 25. Ke2 Qh5+ 26. f3 26... g4
$11) 23... g4 24. bxa6 24... g3 {Es droht Matt.} 25. axb7+ 25... Kxb7 $4 $18 {
laesst den Gewinn aus.} (25... Rxb7 $142 {ist die einzige Rettung} 26. Qa8+ Kd7
27. Qa4+ Kc8 28. Qa8+ Kd7 29. Qa4+ Kc8 30. Qa8+ $11) 26. Rxb6+ 26... cxb6 {
Droht Matt} 27. Qd5+ Kb8 (27... Kc8 28. Qc6+ $1 {ein boeses Schach} 28... Kd8
29. Qxb6+ Kd7 30. Qb5+ Ke7 31. Qxe5+ Kd7 32. Qd4+ Ke6 33. Qb6+ Kd7 34. Qa7+ Kc8
35. Qa6+ Kd7 36. Qb5+ Ke7 37. Bb4+ Kf6 38. Bc3+ Kg6 39. Qf5+ Qxf5 40. exf5+
Kxf5 41. Bxh8 41... Kf4 $18) 28. Qxe5+ 28... Kb7 {Es droht Matt} 29. Qd5+ Kc8
30. Qc6+ $1 {ein laestiges Schach} 30... Kb8 (30... Kd8 31. Qxb6+ $1 {huebsch}
31... Kd7 32. Qa7+ Kc8 33. Qa8+ Kd7 34. Qd5+ Ke8 35. Qe5+ Kd7 36. fxg3 f6 37.
Qd5+ 37... Ke8 $18) 31. Bf4+ (31. Bf4+ Ka7 32. Ra1#) 1-0

[Event "ICS Rated blitz match"]
[Site "207.99.83.227"]
[Date "1999.04.02"]
[Round "?"]
[White "Hossa"]
[Black "Nils"]
[Result "1-0"]
[WhiteElo "2419"]
[BlackElo "2169"]
[Annotator "Fritz 5.32 (15s)"]
[PlyCount "41"]

1. e4 c5 2. Bc4 e6 3. Nc3 Nc6 4. Nf3 a6 5. d4 (5. a4 Qc7 (5... d6 6. O-O Nf6 7.
d3 h6 8. Bf4 Bd7 9. Qd2 Nd4 10. Nxd4 cxd4 11. Ne2 e5 12. Bg3 Be7 13. f4 Nh5 14.
fxe5 O-O 15. exd6 Bg5 16. Qe1 Nxg3 17. Qxg3 Be3+ 18. Kh1 Rc8 19. Nf4 Rc5 20.
Nd5 {Jouault,L-Mikurenda,A/open, St Heliers JER 1997/1-0 (50)}) 6. O-O Nf6 7.
Re1 d6 8. d3 Be7 9. Ba2 O-O 10. Ne2 b5 11. c3 Bb7 12. Nf4 Ne5 13. Ng5 d5 14.
Ngxe6 fxe6 15. Nxe6 Qd6 16. Nxf8 Rxf8 17. f4 Nxd3 18. Qxd3 c4 19. e5 19... Qc5+
{Xheladini,M-Kellenberger,S/Bern op 1994/0-1 (38)}) 5... cxd4 6. Nxd4 Qc7 7.
O-O $146 (7. Nxc6 Qxc6 8. Qe2 b5 9. Bd5 {1-0 Karlstrom-Simmens/Sweden 1967 (9)}
) 7... b5 8. Bb3 Bb7 9. a4 $15 (9. Nxc6 Bxc6 10. Qd4 10... b4 $11) 9... b4 10.
Nce2 10... a5 $14 (10... Na5 $142 11. f3 11... Bd6 $17) 11. Bf4 11... e5 $18 {
Schwarz hat Entwicklungsnachteil.} (11... Qb6 $5 $142 {ist vielleicht staerker}
12. Nb5 12... Rc8 $14) 12. Nb5 Qb8 13. Qd5 {Mit der Mattdrohung Qxf7} 13... Nd8
14. Bxe5 ({Nachteilig ist} 14. Qxe5+ 14... Qxe5 15. Bxe5 Rc8 16. Nc7+ 16... Ke7
$18) 14... Bxd5 15. Bxb8 Bxb3 16. Nc7+ Ke7 17. Nxa8 Bxc2 18. e5 18... Nc6 $4 {
ein Ende mit Schrecken} (18... f6 $18) 19. Bd6+ Ke8 20. Nc7+ Kd8 21. Bxf8 (21.
Bxf8 Nge7 22. Bxe7+ (22. Bxg7 $143 22... Rg8 $18) 22... Kxe7 23. Rfc1 $18) 1-0

[Event "ICS rated blitz match"]
[Site "207.99.83.227"]
[Date "1999.04.02"]
[Round "?"]
[White "Chemim"]
[Black "Hossa"]
[Result "1-0"]
[WhiteElo "2186"]
[BlackElo "2425"]
[Annotator "Fritz 5.32 (15s)"]
[PlyCount "82"]

1. d4 Nf6 2. c4 g6 3. Nc3 Bg7 4. e4 d6 5. f4 O-O 6. Nf3 c5 7. dxc5 dxc5 8. Qxd8
Rxd8 9. e5 9... Nh5 $146 (9... Ne8 10. Be3 b6 11. Be2 Nc6 12. Kf2 (12. O-O Bf5
13. Rad1 f6 14. exf6 Nxf6 15. h3 h5 16. Nh4 Bc2 17. Rc1 Bd3 18. Rfd1 Bxe2 19.
Nxe2 Kf7 20. f5 gxf5 21. Nxf5 Rxd1+ 22. Rxd1 Rd8 23. Rxd8 Nxd8 24. b3 Nc6 25.
Nfg3 e5 26. Bg5 26... Kg6 {Baerwinkel,T-Breitfeld,M/Schoeneck 1996/0-1 (53)})
12... Bb7 13. Rab1 Nd4 14. Rhd1 Nc2 15. Bd3 Nxe3 16. Kxe3 f6 17. Be4 Bxe4 18.
Kxe4 Kf7 19. a3 Nc7 20. Nb5 Ne6 21. Rxd8 Rxd8 22. Nxa7 f5+ 23. Ke3 Bh6 24. g3
g5 25. fxg5 Nxg5 26. Re1 Nxf3+ 27. Kxf3 Rd3+ 28. Kf2 Rb3 29. Re2 Bc1 30. a4
30... Bxb2 {- Priehoda Vitezslav-Balogh Tomas/Ch Slovakia, Topolcianky
(Slovakia) (5) 1994 (30)}) (9... Ng4 10. h3 Nh6 11. g4 (11. Be3 b6 12. Nd5 Nc6
13. O-O-O Kf8 14. g4 f6 15. Bg2 Rb8 16. exf6 exf6 17. f5 Ng8 18. fxg6 hxg6 19.
Nh4 Ne5 20. Bf4 Bh6 21. Bxh6+ Nxh6 22. Nxf6 Rxd1+ 23. Rxd1 Nxc4 24. Nd7+ Bxd7
25. Rxd7 25... Ne5 {Ibragimov,B-Theerapappisit,W/Moscow olm 1994/ - (57)})
11... Nc6 12. Be3 Nb4 13. Rc1 b6 14. a3 Bb7 15. Kf2 Nd3+ 16. Bxd3 Rxd3 17. Rhd1
Rad8 18. Nd5 Rxd1 19. Rxd1 Bxd5 20. Rxd5 Rxd5 21. cxd5 f5 22. g5 Nf7 23. b4
cxb4 24. axb4 Kf8 25. Nd4 Nd8 26. Nb5 e6 27. d6 Nc6 28. Nc7 Kf7 29. b5 Nb8 30.
Ke2 Bf8 31. Na6 Nd7 32. Nb4 Ke8 33. Nc6 Bg7 34. Kd3 Bh8 35. Bd4 Bg7 36. Nxa7
Kd8 37. Nc6+ Kc8 38. Ne7+ Kb7 39. Nd5 Bh8 40. Nf6 Nf8 41. d7 Bxf6 42. exf6 Nxd7
43. f7 Kc7 44. Be5+ Kd8 45. Bd6 {
1-0 Mellado,J-Escobar,D/ch-ESP, Torrevieja 1997 (45)}) 10. Be3 Na6 11. a3 {
Staerkt b4} (11. Nd5 11... Bf8 $11) 11... Bg4 12. Be2 Bh6 13. g3 13... Bg7 $14
(13... Ng7 $5 $11) 14. Ne4 Bxf3 (14... Rd7 15. Nf2 Bxf3 16. Bxf3 $14) 15. Bxf3
Rd3 16. Ke2 Rb3 17. Rab1 (17. Nxc5 Rxe3+ 18. Kxe3 18... Nxc5 $16) (17. Bxc5 $6
17... Rxb2+ 18. Ke1 Nxc5 19. Nxc5 19... Rc8 $11) 17... f5 $18 (17... Bf8 18.
Bxc5 (18. Nxc5 Rxe3+ 19. Kxe3 19... Nxc5 $16) 18... f5 19. exf6 exf6 20. Bd4
$18) 18. Nd2 $1 {das war die Absicht} (18. Nxc5 Rxe3+ 19. Kxe3 19... Nxc5 $16)
18... Rb6 19. b4 Rd8 (19... Rc8 20. Nb3 $18) 20. bxc5 (20. b5 {
waere im Gewinnsinne praeziser} 20... Nb8 21. Bxc5 Nd7 22. Bxb6 22... axb6 $18)
20... Rxb1 21. Rxb1 (21. Nxb1 $6 21... Rb8 $18) 21... Rd7 (21... b6 {
nuetzt auch nichts mehr} 22. cxb6 axb6 23. Rxb6 $18) 22. Rxb7 {
c5 wird ein starker Freibauer werden} (22. Bxb7 $5 {ist genauer} 22... Nc7 23.
Bc6 23... Rd8 $18) 22... Rxb7 23. Bxb7 Nc7 24. c6 g5 (24... Kf7 {
aendert nichts am Ausgang der Partie} 25. Bxa7 Ke8 26. Bb6 $18) 25. Kf3 (25.
fxg5 $5 $142 {erleichterte Weiss die Gewinnfuehrung} 25... Bxe5 26. Bxa7 26...
Ne6 $18) 25... gxf4 26. gxf4 (26. Bxf4 $6 26... Nxf4 27. gxf4 27... Kf7 $18)
26... Bh6 27. Nf1 (27. Nb3 {laesst dem Gegner kaum Chancen} 27... Kf7 $18)
27... e6 (27... Kf7 {hilft auch nicht mehr} 28. Ng3 Nxg3 29. hxg3 $18) 28. Ng3
Ng7 (28... Nxg3 29. hxg3 Kf8 30. Bxa7 $18) 29. Bxa7 {
Der Freibauer a3 ist ein wichtiges Motiv} 29... Nge8 (29... Kf7 {
macht keinen grossen Unterschied} 30. a4 $18) 30. Bb6 Kf7 31. a4 Bf8 32. a5 {
Weiss geht zum Angriff ueber} 32... h5 (32... h6 {hilft allerdings auch nicht}
33. a6 h5 34. Ne2 $18) 33. Nxh5 Bb4 (33... Be7 {
kann das Vorangegangene nicht ungeschehen machen} 34. a6 $18) 34. a6 (34. Nf6
$5 $142 {ginge schneller} 34... Nxf6 35. Bxc7 35... Ne8 $18) 34... Kg6 (34...
Be7 {holt die Kuh nicht vom Eis} 35. a7 Bd8 36. Bc8 $18) 35. Nf6 Nxf6 36. exf6
(36. Bxc7 $142 {und nichts geht mehr} 36... Ne8 37. Bb6 37... Kf7 $18) 36...
Nxa6 37. Bxa6 Bd6 38. c7 (38. c5 Bb8 39. c7 Bxc7 40. Bxc7 Kxf6 41. Be5+ Ke7 42.
c6 Kf7 43. c7 Kg6 44. c8=Q Kf7 45. Qd7+ Kg8 46. Qg7#) 38... Bxc7 39. Bxc7 Kxf6
40. Bd8+ Kf7 41. Bb5 Kg7 1-0

[Event "ICS rated blitz match"]
[Site "207.99.83.227"]
[Date "1999.04.02"]
[Round "?"]
[White "Hossa"]
[Black "Chemim"]
[Result "1/2-1/2"]
[WhiteElo "2399"]
[BlackElo "2184"]
[Annotator "Fritz 5.32 (15s)"]
[PlyCount "80"]

1. e4 e6 2. Nf3 d5 3. exd5 exd5 4. d4 Bd6 5. Bb5+ (5. Nc3 Ne7 6. Nb5 Bb4+ 7. c3
Ba5 8. Bf4 O-O 9. Be2 Ng6 10. Bd2 c6 11. Na3 Nd7 12. O-O Nf6 13. Nc2 Re8 14.
Re1 Ne4 15. Be3 Qd6 16. Nd2 f5 17. Nxe4 dxe4 18. Bc4+ Be6 19. Bxe6+ 19... Rxe6
{Mantovani,R-Lputian,S/It, Reggio Emilia ITA 1998/ - (62)}) (5. Bd3 Nc6 6. Bg5
f6 7. Bh4 Bg4 8. c3 Qe7+ 9. Be2 Bxf3 10. gxf3 O-O-O 11. O-O g5 12. Bg3 f5 13.
Bxd6 Qxd6 14. Na3 Nge7 15. Nc2 Ng6 16. Bd3 Nh4 17. Ne3 Qf4 18. Be2 Rhg8 19. Ng2
Nxg2 20. Kxg2 g4 21. fxg4 fxg4 22. Qd3 Rg6 23. Rae1 Rf8 24. Bd1 Qg5 25. Qe3 Qh5
26. Kh1 26... Qf5 {- Kreusch,F-Mailitis,K/Untergrombach GER 1999 (26)}) 5... c6
6. Bd3 6... Ne7 $146 (6... Bg4 7. Nbd2 Qe7+ 8. Qe2 Nd7 9. h3 Bh5 10. O-O Qxe2
11. Bxe2 Ngf6 12. Bd3 O-O 13. Nh4 Rfe8 14. Ndf3 Bxf3 15. Nxf3 h6 16. Bd2 Ne4
17. Be3 Ndf6 18. Rfe1 Re6 19. Nd2 Nxd2 20. Bxd2 Rae8 21. Bf5 Rxe1+ 22. Rxe1
Rxe1+ 23. Bxe1 b6 24. Bd2 Kf8 25. g4 Ke8 26. Kg2 g6 27. Bd3 h5 28. Kf3 hxg4+
29. hxg4 Ke7 30. g5 Nh5 31. Kg4 Ng7 32. a4 a5 33. b3 Ne6 34. Be3 Bb4 35. c4 Bc3
36. c5 bxc5 37. dxc5 Bb4 38. f4 Nxc5 39. Bc2 Ne6 40. f5 gxf5+ 41. Bxf5 {
Dominguez Rueda,J-Suarez,R/Zaragoza open 1993/0-1 (77)}) 7. O-O O-O 8. Bg5 Nd7
9. Nbd2 Re8 10. c3 {Befestigt b4} 10... Nf8 11. Qb3 Ne6 (11... h6 12. Bh4 $15)
12. Rae1 Qc7 13. Bxe7 Rxe7 14. Qc2 14... g6 {Ueberdeckt f5} 15. c4 Nf4 16. c5 {
Weiss gewinnt Raum} 16... Rxe1 17. Rxe1 Bf8 18. Qc3 Nxd3 19. Qxd3 Bf5 20. Qe3
b6 21. cxb6 axb6 22. a3 {Kontrolliert b4} 22... c5 23. Qg5 (23. Nb1 23... Bg7
$11) 23... Bg7 24. Re7 $17 (24. Qe3 24... Bd7 $15) 24... Qd6 25. Re1 cxd4 26.
Nb3 d3 27. Qd2 Rc8 (27... Be4 28. Ng5 $17) 28. Nfd4 28... Bd7 $15 (28... Qd7
29. Qb4 $17) 29. Qxd3 Rc4 30. Qe3 30... h5 $15 (30... Ba4 $5 $17) 31. Kh1 $17 (
31. Re2 $5 $15) 31... Qf6 32. Rd1 h4 (32... Ba4 33. h3 $17) 33. Rd2 33... h3
$15 (33... Ba4 34. g4 $17) 34. gxh3 {Staerkt g4} 34... Qh4 35. Qg3 (35. Rd3
Qe4+ 36. Qxe4 36... dxe4 $15) 35... Qe4+ 36. f3 {Sichert g4} 36... Qe3 37. Re2
Qd3 38. Rd2 (38. Qb8+ Kh7 39. Qf4 Bxd4 40. Nxd4 Qxd4 (40... Rxd4 $143 41. Qxf7+
Kh6 42. Qf8+ Kh5 43. Rg2 $14) 41. Qxf7+ Kh6 42. Qf8+ 42... Kh5 $19) 38... Qe3
$4 $11 {vergibt den Vorteil} (38... Rc1+ $1 $142 {
und Schwarz bekommt die Oberhand} 39. Nxc1 Qxd2 40. Qb8+ 40... Kh7 $19) 39. Re2
Qd3 (39... Qh6 40. Nc2 d4 41. Ne1 $15) 40. Rd2 40... Qe3 $4 $11 {
danach kann Schwarz alle Traeume begraben} (40... Rc1+ $1 $142 {
nun kommt Schwarz in Vorteil} 41. Nxc1 Qxd2 42. Qb8+ 42... Kh7 $19) 1/2-1/2